Elèves de Seconde A (My Hero Academia) par images - Statistiques

Statistiques générales
  • Ce quiz a été pris 450 fois
  • Le résultat moyen est 14 sur 20
Statistiques - réponses
Par images Réponse % Correct
Izuku Midoriya
99%
Katsuki Bakugo
98%
Shoto Todoroki
98%
Tenya Iida
89%
Ochaco Uraraka
88%
Momo Yaorozu
86%
Tsuyu Asui
85%
Denki Kaminari
82%
Eijiro Kirishima
81%
Minoru Mineta
80%
Mina Ashido
78%
Fumikage Tokoyami
70%
Hanta Sero
66%
Kyoka Jiro
65%
Yuga Aoyama
60%
Koji Koda
46%
Mezo Shoji
45%
Toru Hagakure
45%
Mashirao Ojiro
42%
Rikido Sato
41%
Aucun quiz correspondant
Distribution des résultats
% des personnes avec chaque résultat
Percentile par nombre de réponses
Votre historique - résultats
Vous n’avez pas pris ce quiz